| 000 -LEADER |
| fixed length control field |
00773cam a22002534a 4500 |
| 020 ## - INTERNATIONAL STANDARD BOOK NUMBER |
| ISBN |
9781416058984 |
| 020 ## - INTERNATIONAL STANDARD BOOK NUMBER |
| ISBN |
1416058982 |
| 040 ## - CATALOGING SOURCE |
| Transcribing agency |
DLC |
| 082 00 - DEWEY DECIMAL CLASSIFICATION NUMBER |
| Classification number |
617 SAU 2010 A115 Or. |
| 245 00 - TITLE STATEMENT |
| Title |
Surgical treatment of hip arthritis : |
| Remainder of title |
reconstruction, replacement, and revision / |
| 250 ## - EDITION STATEMENT |
| Edition statement |
1st ed. |
| 260 ## - PUBLICATION, DISTRIBUTION, ETC. (IMPRINT) |
| Place of publication |
Philadelphia, PA : |
| Name of publisher |
Saunders/Elsevier, |
| Year of publication |
c2010. |
| 300 ## - PHYSICAL DESCRIPTION |
| Number of Pages |
xiv, 527 p. : |
| Other physical details |
ill. (some col.) ; |
| Dimensions |
29 cm. + |
| Accompanying material |
1 DVD-ROM (4 3/4 in.) |
| 500 ## - GENERAL NOTE |
| General note |
Copyright date from DVD label. |
| 650 #0 - SUBJECT ADDED ENTRY--TOPICAL TERM |
| Topical Term |
Hip joint |
| 650 #0 - SUBJECT ADDED ENTRY--TOPICAL TERM |
| Topical Term |
Arthritis |
| 650 12 - SUBJECT ADDED ENTRY--TOPICAL TERM |
| Topical Term |
Osteoarthritis, Hip |
| 650 22 - SUBJECT ADDED ENTRY--TOPICAL TERM |
| Topical Term |
Arthroplasty, Replacement, Hip |
| 650 22 - SUBJECT ADDED ENTRY--TOPICAL TERM |
| Topical Term |
Reoperation |
| 700 1# - ADDED ENTRY--PERSONAL NAME |
| Personal name |
Hozack, William J. |
| 700 1# - ADDED ENTRY--PERSONAL NAME |
| Personal name |
Parvizi, Javad. |
| 700 1# - ADDED ENTRY--PERSONAL NAME |
| Personal name |
Bender, Benjamin, |
| 942 ## - ADDED ENTRY ELEMENTS (KOHA) |
| Koha item type |
ADB |
| 952 ## - LOCATION AND ITEM INFORMATION (KOHA) |
| Withdrawn status [LOCAL, KOHA] |
0 |
| 952 ## - LOCATION AND ITEM INFORMATION (KOHA) |
| Withdrawn status [LOCAL, KOHA] |
0 |